A guide to The war in Vietnam : classified histories by the National Security Council /

Bibliographic Details
Corporate Author: National Security Council (U.S.)
Other Authors: Kesaris, Paul, Gibson, Joan
Format: Book
Language:English
Published: Frederick, Md. : University Publications of America, [1981?]
Subjects:

MARC

Tag First Indicator Second Indicator Subfields
LEADER 00000cam a2200000 a 4500
001 in00000075827
005 20151008054855.0
008 811123s1981 mdu i 00000 eng d
020 |a 0890932433 
035 |a (OCoLC)07950885 
035 |9 AAJ1930AM 
040 |a YNG  |c YNG  |d TXA  |d UtOrBLW 
043 |a a-vt---  |a n-us--- 
045 |a x6x7 
049 |a TXAI  |c [1387390] 
090 |a DS557.4  |b .V5 1981 Guide 
245 0 2 |a A guide to The war in Vietnam :  |b classified histories by the National Security Council /  |c edited by Paul Kesaris ; guide compiled by Joan Gibson. 
264 1 |a Frederick, Md. :  |b University Publications of America,  |c [1981?] 
300 |a iv, 56 pages ;  |c 23 cm. 
336 |a text  |b txt  |2 rdacontent 
337 |a unmediated  |b n  |2 rdamedia 
338 |a volume  |b nc  |2 rdacarrier 
500 |a Title on microfilm reels: Vietnam : National Security Council histories. 
500 |a "A microfilm project of Universit Publications of America, Inc." 
500 |a The microfilm collection has call number: MicrofilmDS557.4/V5/1981 
650 0 |a Vietnam War, 1961-1975  |z United States  |v Sources  |x Indexes. 
651 0 |a United States  |x Politics and government  |y 1945-1989  |x Sources  |x Indexes. 
700 1 |a Kesaris, Paul. 
700 1 |a Gibson, Joan. 
710 2 |a National Security Council (U.S.) 
740 4 |a The war in Vietnam. 
740 0 |a Vietnam. 
999 |a MARS 
999 f f |s b075284f-0ee5-34a7-b995-4baacfbf9b38  |i e4a0d8c2-134c-3279-932b-6260cebc344d  |t 0 
952 f f |p 4_hour  |a Texas A&M University  |b College Station  |c Sterling C. Evans Library  |d Evans: Microforms Reference (3rd floor)  |t 0  |e DS557.4 .V5 1981 Guide  |h Library of Congress classification  |i unmediated -- volume  |m A14806060487 
998 f f |a DS557.4 .V5 1981 Guide  |t 0  |l Evans: Microforms Reference (3rd floor)